000 00413nam a2200157Ia 4500
008 090711s9999 xx 000 0 und d
082 _b13685
100 _aभावे पु. बा.
245 _aवायबार
300 _a230
600 _aभावे पु. बा.
630 _aवायबार
700 _aभावे पु. बा.
730 _aवायबार
942 _cBOOK
999 _c298510
_d298510